|
|
|
|
| LEADER |
02035nam a2200529 a 4500 |
| 001 |
nkc20142649788 |
| 003 |
CZ PrNK |
| 005 |
20150430104545.0 |
| 007 |
ta |
| 008 |
141210s2015 xr e l 001 0 cze |
| 015 |
|
|
|a cnb002649788
|
| 020 |
|
|
|a 978-80-7478-714-0
|q (váz.)
|
| 035 |
|
|
|a (OCoLC)907521807
|
| 040 |
|
|
|a OLA001
|b cze
|d ABA001
|
| 041 |
0 |
|
|a cze
|a eng
|
| 043 |
|
|
|a e-xr---
|
| 072 |
|
7 |
|a 347.9
|x Občanské soudní řízení. Soudnictví
|2 Konspekt
|9 16
|
| 080 |
|
|
|a 347.918
|2 MRF
|
| 080 |
|
|
|a 347.951:347.918
|2 MRF
|
| 080 |
|
|
|a (437.3)
|2 MRF
|
| 080 |
|
|
|a (094.5)
|2 MRF
|
| 080 |
|
|
|a (0.072)
|2 MRF
|
| 245 |
0 |
0 |
|a Zákon o rozhodčím řízení a o výkonu rozhodčích nálezů :
|b komentář /
|c Miloš Olík ... [et al.]
|
| 250 |
|
|
|a Vyd. 1.
|
| 260 |
|
|
|a Praha :
|b Wolters Kluwer,
|c 2015
|
| 300 |
|
|
|a xv, 440 s. ;
|c 24 cm
|
| 490 |
1 |
|
|a Komentáře Wolters Kluwer
|
| 500 |
|
|
|a Právní stav pub. je k 5.11.2014
|
| 504 |
|
|
|a Obsahuje bibliografie, bibliografické odkazy, přehled souvisejících právních předpisů a rejstřík
|
| 546 |
|
|
|a Část. anglický text
|
| 650 |
0 |
7 |
|a rozhodčí řízení
|7 ph125261
|z Česko
|2 czenas
|
| 650 |
0 |
7 |
|a rozhodčí nálezy
|7 ph125260
|z Česko
|2 czenas
|
| 650 |
0 |
9 |
|a arbitration proceedings
|z Czechia
|2 eczenas
|
| 650 |
0 |
9 |
|a arbitration decisions
|z Czechia
|2 eczenas
|
| 655 |
|
7 |
|a zákony
|7 fd133886
|2 czenas
|
| 655 |
|
7 |
|a komentáře
|7 fd132578
|2 czenas
|
| 655 |
|
9 |
|a laws
|2 eczenas
|
| 655 |
|
9 |
|a commentaries
|2 eczenas
|
| 700 |
1 |
|
|a Olík, Miloš,
|d 1976-
|7 xx0056630
|4 cwt
|
| 710 |
1 |
2 |
|a Česko.
|t Zákon o rozhodčím řízení a o výkonu rozhodčích nálezů (1994, novela 2013)
|7 kon2013790904
|
| 830 |
|
0 |
|a Komentáře (Wolters Kluwer ČR)
|0 s
|
| 910 |
2 |
|
|a BOA001
|b 2-1345.103
|
| 990 |
|
|
|a BK
|
| 995 |
|
|
|a 01
|
| 991 |
|
|
|b 201504
|c NOV
|e n
|
| 996 |
6 |
|
|b 2610627665
|c 2-1345.103
|l MZK
|r Sklad / do 1 hodiny
|n 5
|p p.v.
|w 001498174
|u 000010
|a 1
|e BOA001
|j MZK50
|s P
|
| 996 |
7 |
|
|b 2610632327
|c 2-1345.103
|l MZK
|r Sklad / do 1 hodiny
|n 18
|p kup
|w 001498174
|u 000020
|a 1
|e BOA001
|j MZK50
|s A
|